000 02208nam0a2200397 4500
001 RU\NLR\BIBL_A\010455372
005 20260409071509.0
010 _a978-5-9282-1038-0
_9500
021 _aRU
_b2014-42918
_92614
035 _a(NLR Aleph) 010455372
035 _a(NILC)RuMoRGB-007505655
090 _a9948271
_c9948271
100 _a20140828d2014 k y0rusy50 ca
101 0 _arus
_aeng
102 _aRU
105 _ay|||7|||001yy
200 1 _aПеревод и его роль в формировании языковой и межкультурной компетенций
_fЕ.И. Ионова, О.С. Милотаева
_gМ-во образования и науки Рос. Федерации, Федер. гос. бюджет. образоват. учреждение высш. проф. образования "Пенз. гос. ун-т архитектуры и строительства" (ПГУАС)
210 _aПенза
_cИзд-во ПГУАС
_d2014
215 _a163 с.
_d20
300 _aЧасть текста на англ. яз.
320 _aБиблиогр.: с. 149-163 (250 назв.)
604 _1700#1$aБраунинг$bЭ.Б.$gЭлизабет Баретт$f1806 - 1861
_15011#$aПоэзия$xПереводы на русский язык$2nlr_sh2$3RU\NLR\AUTH\6601554665
_aБраунинг, Элизабет Баретт (1806 - 1861)
_tПоэзия
_xПереводы на русский язык
_92194944
_3RU\NLR\AUTH\6601554665
606 _aПеревод (лингв.)
_3RU\NLR\AUTH\66701106
_91594424
606 1 _aМежкультурная коммуникация
_92368045
_3RU\NLR\AUTH\661413599
686 1 _aШ107.7
686 1 _aШ100.33
686 1 _aШ5(4Вл)52-4Браунинг418.37
700 1 _aИонова
_bЕ. Л.
_gЕлена Леонидовна
701 1 _aМилотаева
_bО. С.
_gОльга Сергеевна
702 1 _4570
_7ca
_8rus
_aБраунинг
_bЭ. Б.
_f1806-1861
_gЭлизабет Барретт
_9189726
_3RU\NLR\AUTH\770189777
801 0 _aRU
_bРГБ
_c20140611
_gRCR
942 _cBOOK
980 _aNBR
980 _aNB